La transformación económica de Chile

Kaydedildi:
Detaylı Bibliyografya
Müşterek Yazar: Universidad Andrés Bello (Yazar)
Materyal Türü: Kitap
Dil:İspanyolca
Baskı/Yayın Bilgisi: Santiago Universidad Nacional Andrés Bello 1992
Seri Bilgileri:Cuadernos Universitarios Serie Debates, 1
Konular:
Etiketler: Etiketle
Etiket eklenmemiş, İlk siz ekleyin!

MARC

LEADER 00000nam a2200000 a 4500
001 UCY0306
003 CL-VaPUC
005 20201104181617.0
008 940721e19920000cl 1 spa d
082 0 4 |a 330.983  |b UNI  |2 21 
110 2 |a Universidad Andrés Bello  |e author  |9 617006 
245 1 3 |a La transformación económica de Chile 
260 |a Santiago  |b Universidad Nacional Andrés Bello  |c 1992 
300 |a 225 p 
490 0 |a Cuadernos Universitarios Serie Debates, 1 
583 |a last modification  |c 20190821 09:22:40  |k Rodrigo Vera 
650 0 7 |a CONDICIONES ECONOMICAS SIGLO 20  |2 CL-VaPUC  |9 332194 
650 0 7 |a CONDICIONES SOCIALES SIGLO 20  |2 CL-VaPUC  |9 314077 
651 7 |a CHILE  |2 CL-VaPUC  |9 617007 
942 |c BK 
945 |a oaravena  |d 19940721 00:00:00 
546 |a En Español 
536 |a Universidad Nacional Andrés Bello 
518 |p Escuela de Verano La Transformación Económica de Chile, 1, Santiago, 20 al 29 de enero de 1992 
999 |c 382240  |d 382238 
952 |0 0  |1 0  |4 0  |6 330_983000000000000_UNI_1992  |7 0  |8 A  |9 503815  |a BIBHIS  |b BIBHIS  |d 2020-01-23  |i 2992841  |o 330.983 UNI 1992  |p 2992841  |r 2025-01-20  |w 2020-01-23  |y BK  |k HIS 
952 |0 0  |1 0  |4 0  |6 330_983000000000000_UNI_1992  |7 0  |8 A  |9 503816  |a BIBGIM  |b BIBGIM  |d 2020-01-23  |i 4663012  |o 330.983 UNI 1992  |p 4663012  |r 2025-01-15  |w 2020-01-23  |y BK  |k GIM